| 000 | 00681nam a2200253 a 4500 | ||
|---|---|---|---|
| 001 | 3038 | ||
| 003 | CO-ViMGA | ||
| 008 | 141112s2004 ck r 000 u spa d | ||
| 040 |
_aCO-ViMGA _bspa _cCO-ViMGA |
||
| 082 | 0 | 4 | _aR530 M853 |
| 245 | 1 | 0 | _aEl mundo de la física. Curso teórico - práctico |
| 260 |
_aBarcelona : _bOceano, _c1988 |
||
| 300 | _a2 v : il | ||
| 590 | _aDatos de inventario : 05291, 05292 | ||
| 650 | 1 | 4 |
_aACUSTICA _952338 |
| 650 | 1 | 4 |
_aCINEMATICA _952339 |
| 650 | 1 | 4 |
_aDINAMICA _96194 |
| 650 | 1 | 4 | _aELECTRICIDAD |
| 650 | 1 | 4 |
_aESTATICA _96195 |
| 650 | 1 | 4 |
_aFISICA ENCICLOPEDIAS _952341 |
| 650 | 1 | 4 | _aMAGNETISMO |
| 650 | 1 | 4 |
_aOPTICA _95294 |
| 942 |
_2ddc _cBK |
||
| 999 |
_c15093 _d15093 |
||